[Event "Quebec-ch qual"]
[Site "Gatineau"]
[Date "2008.03.11"]
[Round "1"]
[White "Blouin, Francois"]
[Black "Duret, Serge"]
[Result "1-0"]
[WhiteElo "1512"]
[BlackElo "1035"]
[PlyCount "63"]
[EventDate "2008.03.11"]
[EventType "swiss"]
[EventRounds "5"]
[EventCountry "CAN"]
[SourceTitle "EXT 2011"]
[Source "ChessBase"]
[SourceDate "2010.11.26"]
[SourceVersion "1"]
[SourceVersionDate "2010.11.26"]
[SourceQuality "1"]

1. e4 c5 2. Nc3 Nc6 3. d3 d6 4. g3 Nf6 5. Bg2 g6 6. h3 Bg7 7. Be3 e5 8. Qd2 h6 9. Nge2 Be6 10. a3 Qd7 11. 0-0 0-0 12. Kh2 Kh7 13. f4 exf4 14. Nxf4 Nd4 15. Nxe6 Qxe6 16. Rab1 Nh5 17. Ne2 Nxe2 18. Qxe2 Be5 19. Bf2 d5 20. Bf3 Qd6 21. Bxh5 gxh5 22. Qxh5 Rg8 23. Rg1 Rg7 24. Qf3 Rag8 25. exd5 Bd4 26. c4 Bxf2 27. Qxf2 h5 28. Qf5+ Kh6 29. Qf4+ Qxf4 30. gxf4 Rxg1 31. Rxg1 Rxg1 32. Kxg1 1-0

[Event "Gatineau Monarque Noir 2nd"]
[Site "Gatineau"]
[Date "2008.02.26"]
[Round "7"]
[White "Lacourse, Guy"]
[Black "Blouin, Francois"]
[Result "1/2-1/2"]
[WhiteElo "1583"]
[BlackElo "1512"]
[PlyCount "85"]
[EventDate "2008.01.15"]
[EventType "swiss"]
[EventRounds "7"]
[EventCountry "CAN"]
[SourceTitle "EXT 2011"]
[Source "ChessBase"]
[SourceDate "2010.11.26"]
[SourceVersion "1"]
[SourceVersionDate "2010.11.26"]
[SourceQuality "1"]

1. c4 Nf6 2. Nf3 e6 3. g3 b6 4. Bg2 Bb7 5. 0-0 Be7 6. d3 0-0 7. b3 d6 8. Bb2 Nbd7 9. a3 Rb8 10. Nbd2 c5 11. e4 Qc7 12. h3 h6 13. Ne1 Nh7 14. Ra2 Bf6 15. Bc1 e5 16. Nb1 Bg5 17. Bxg5 Nxg5 18. h4 Ne6 19. Nc2 Nf6 20. Nc3 a6 21. Ne3 Nd4 22. a4 Qe7 23. Kh2 Bc6 24. Ncd5 Bxd5 25. cxd5 g6 26. Bh3 Kg7 27. Kg2 Rh8 28. f3 Nh5 29. Bg4 Nf6 30. Bh3 Nh5 31. Raf2 Rbf8 32. Rh1 Rhg8 33. Bg4 Nf6 34. h5 Nxg4 35. fxg4 Qg5 36. Nc4 Qd8 37. hxg6 fxg6 38. Rhf1 Rxf2+ 39. Rxf2 b5 40. axb5 axb5 41. Nd2 Rf8 42. Nf3 Qf6 43. Rf1 1/2-1/2

[Event "Gatineau Monarque Noir 2nd"]
[Site "Gatineau"]
[Date "2008.02.19"]
[Round "6"]
[White "Blouin, Francois"]
[Black "Levesque, Andre"]
[Result "1-0"]
[WhiteElo "1512"]
[BlackElo "1429"]
[PlyCount "77"]
[EventDate "2008.01.15"]
[EventType "swiss"]
[EventRounds "7"]
[EventCountry "CAN"]
[SourceTitle "EXT 2011"]
[Source "ChessBase"]
[SourceDate "2010.11.26"]
[SourceVersion "1"]
[SourceVersionDate "2010.11.26"]
[SourceQuality "1"]

1. e4 c5 2. Nc3 Nc6 3. d3 g6 4. Be3 d6 5. g3 e6 6. Bg2 Bd7 7. Qd2 Rb8 8. a3 Nd4 9. Nce2 Nc6 10. Nf3 h6 11. 0-0 Nf6 12. h3 b6 13. Kh2 Bg7 14. Rab1 Ne5 15. Nxe5 dxe5 16. f4 exf4 17. Bxf4 Rc8 18. Rf2 e5 19. Be3 g5 20. Rbf1 0-0 21. Ng1 Qe7 22. Ne2 Rcd8 23. Nc3 Bc6 24. Rf5 Rd6 25. Bxg5 hxg5 26. Qxg5 Re8 27. h4 Bd7 28. Rxf6 Rxf6 29. Nd5 Re6 30. Nxe7+ R8xe7 31. Bh3 f6 32. Bxe6+ Rxe6 33. Qc1 Rc6 34. Qd1 c4 35. dxc4 Be6 36. b3 Bf8 37. Rxf6 Bxa3 38. Qh5 Bf8 39. Qg6+ 1-0

[Event "Gatineau Hull CC 28 Ann-B"]
[Site "Gatineau"]
[Date "2007.10.02"]
[Round "4"]
[White "Blouin, Francois"]
[Black "Lemieux, Richard"]
[Result "0-1"]
[WhiteElo "1532"]
[BlackElo "1544"]
[PlyCount "134"]
[EventDate "2007.09.11"]
[EventType "swiss"]
[EventRounds "5"]
[EventCountry "CAN"]
[SourceTitle "EXT 2022"]
[Source "ChessBase"]
[SourceDate "2021.10.06"]
[SourceVersion "1"]
[SourceVersionDate "2021.10.06"]
[SourceQuality "1"]

1. e4 c5 2. Nc3 Nc6 3. d3 d6 4. g3 g6 5. Bg2 Bg7 6. Be3 e5 7. Qd2 Nf6 8. Bh6 0-0 9. Bxg7 Kxg7 10. f4 Re8 11. Nge2 Nd4 12. h3 Bd7 13. 0-0-0 b5 14. Rdf1 b4 15. Nd1 Qa5 16. Nxd4 cxd4 17. Kb1 Rac8 18. b3 Rc6 19. Qc1 Rec8 20. Rf2 Nh5 21. fxe5 dxe5 22. Rg1 Ra6 23. Qb2 Rcc6 24. Bf3 Nf6 25. g4 Ne8 26. g5 Nc7 27. Bg4 Bxg4 28. hxg4 Nb5 29. Rgf1 Rc7 30. Rf6 Rac6 31. Rxc6 Rxc6 32. Rf2 Qc7 33. Qc1 a5 34. Re2 Qc8 35. Rg2 a4 36. bxa4 Na3+ 37. Kb2 Qa6 38. Kb3 Qxd3+ 39. cxd3 Rxc1 40. Nb2 Rc3+ 41. Kxb4 Nc2+ 42. Kb5 Ne3 43. Rg1 Rc2 44. Nc4 Rxa2 45. Nxe3 dxe3 46. Re1 e2 47. a5 Rb2+ 48. Ka6 h6 49. Ka7 f6 50. a6 fxg5 51. Ka8 h5 52. a7 h4 53. Rc1 Kf6 54. Rc6+ Ke7 55. Rc7+ Kd6 56. Rc1 Rc2 57. Rb1 Rb2 58. Rc1 h3 59. Ra1 h2 60. Rc1 Rd2 61. Kb7 Rb2+ 62. Ka8 h1Q 63. Rxh1 Kc5 64. Rc1+ Kd4 65. Re1 Kxd3 66. Rxe2 Rxe2 67. Kb7 Rb2+ 0-1

[Event "Gatineau Hull CC 28 Ann-B"]
[Site "Gatineau"]
[Date "2007.09.25"]
[Round "3"]
[White "Dallaire, Dominic"]
[Black "Blouin, Francois"]
[Result "1/2-1/2"]
[WhiteElo "1860"]
[BlackElo "1532"]
[PlyCount "120"]
[EventDate "2007.09.11"]
[EventType "swiss"]
[EventRounds "5"]
[EventCountry "CAN"]
[SourceTitle "EXT 2022"]
[Source "ChessBase"]
[SourceDate "2021.10.06"]
[SourceVersion "1"]
[SourceVersionDate "2021.10.06"]
[SourceQuality "1"]

1. e4 e6 2. d4 d5 3. e5 c5 4. c3 Nc6 5. Nf3 Qb6 6. Bd3 Bd7 7. Bc2 Nge7 8. 0-0 Nf5 9. Bxf5 exf5 10. dxc5 Qxc5 11. b4 Qb5 12. Na3 Qb6 13. Qxd5 Be6 14. Qd1 Rd8 15. Qe2 Be7 16. Be3 Qc7 17. Nb5 Qb8 18. Bf4 0-0 19. Rad1 a6 20. Nbd4 Nxd4 21. Nxd4 Qc8 22. Nxe6 fxe6 23. Qb2 b5 24. Be3 Qc6 25. Qb3 Rc8 26. Rd3 f4 27. Bd4 g5 28. Rfd1 Rcd8 29. Ba7 Rxd3 30. Rxd3 Rd8 31. Rxd8+ Bxd8 32. Bc5 Kf7 33. Qc2 Kg7 34. Qd3 Qd5 35. Qxd5 exd5 36. Bd6 Kf7 37. Kf1 a5 38. Ke2 axb4 39. cxb4 Bb6 40. Kd3 Bxf2 41. Bc5 Be1 42. a4 bxa4 43. b5 Ba5 44. Kc2 Ke6 45. Bd6 g4 46. Kd3 a3 47. Bxa3 Kxe5 48. Bc5 Bc7 49. b6 Bb8 50. b7 h5 51. g3 f3 52. Be3 Ke6 53. Bf4 Ba7 54. b8Q Bxb8 55. Bxb8 Kd7 56. Ba7 Kc6 57. Bd4 Kb5 58. Ke3 Kc4 59. Ba7 Kc3 60. Bd4+ Kc4 1/2-1/2

[Event "Gatineau Mystere"]
[Site "Gatineau"]
[Date "2007.05.29"]
[Round "1"]
[White "Blouin, Francois"]
[Black "Berthiaume, Patrick"]
[Result "1-0"]
[WhiteElo "1526"]
[BlackElo "1041"]
[PlyCount "121"]
[EventDate "2007.05.29"]
[EventType "swiss"]
[EventRounds "4"]
[EventCountry "CAN"]
[SourceTitle "EXT 2022"]
[Source "ChessBase"]
[SourceDate "2021.10.06"]
[SourceVersion "1"]
[SourceVersionDate "2021.10.06"]
[SourceQuality "1"]

1. e4 e5 2. Nf3 Nc6 3. Bb5 Nf6 4. d3 d6 5. h3 Bd7 6. Nc3 Be7 7. 0-0 0-0 8. a3 a6 9. Bc4 b5 10. Ba2 h6 11. Be3 Qc8 12. Kh2 Be6 13. Qd2 Kh7 14. Bb3 Bxb3 15. cxb3 Na5 16. Qc2 Qe6 17. Nd2 c5 18. Ne2 Rfc8 19. Rac1 Rc7 20. f4 Rac8 21. f5 Qd7 22. Qd1 d5 23. Ng3 d4 24. Bf2 Qd6 25. Be1 Rc6 26. Nf3 Nb7 27. Qe2 Kg8 28. Bd2 Kf8 29. Ng1 Ng8 30. Nh5 Nf6 31. g4 Nxh5 32. gxh5 f6 33. Nf3 a5 34. Rg1 Kg8 35. Qg2 Bf8 36. Bxh6 Qe7 37. Nh4 b4 38. Ng6 Qf7 39. Nxf8 Kxf8 40. Qxg7+ Qxg7 41. Rxg7 bxa3 42. Rxb7+ Ke8 43. bxa3 R8c7 44. Rb8+ Rc8 45. Rxc8+ Rxc8 46. Rg1 Kf7 47. Rg7+ Kf8 48. Rc7+ Kg8 49. Rxc8+ Kh7 50. Bd2 c4 51. Rxc4 a4 52. Rxa4 Kg7 53. Rc4 Kh7 54. a4 Kg7 55. a5 Kf7 56. a6 Ke7 57. a7 Kd7 58. a8Q Kd6 59. Rc6+ Kd7 60. Qb7+ Kd8 61. Rc8# 1-0

[Event "Outaouais-ch B"]
[Site "Gatineau"]
[Date "2007.05.08"]
[Round "3"]
[White "Kennedy, Philip"]
[Black "Blouin, Francois"]
[Result "0-1"]
[WhiteElo "1351"]
[BlackElo "1533"]
[PlyCount "111"]
[EventDate "2007.04.24"]
[EventType "swiss"]
[EventRounds "6"]
[EventCountry "CAN"]
[SourceTitle "EXT 2022"]
[Source "ChessBase"]
[SourceDate "2021.10.06"]
[SourceVersion "1"]
[SourceVersionDate "2021.10.06"]
[SourceQuality "1"]

1. Nf3 Nf6 2. c4 e6 3. g3 Be7 4. Bg2 Nc6 5. d4 0-0 6. 0-0 Re8 7. Nc3 d5 8. c5 b6 9. Bf4 Nh5 10. Qd2 Nxf4 11. Qxf4 Ba6 12. Rfe1 bxc5 13. dxc5 Bxc5 14. Ne5 Nxe5 15. Qxe5 Qd6 16. Qxd6 cxd6 17. e3 Rab8 18. b3 Rec8 19. Bf1 Bxf1 20. Kxf1 Bb4 21. Nxd5 exd5 22. Red1 d4 23. exd4 Rc2 24. Rdc1 Rbc8 25. Rxc2 Rxc2 26. a3 Bc3 27. Rd1 Rd2 28. Rxd2 Bxd2 29. Ke2 Ba5 30. d5 Bb6 31. b4 a5 32. bxa5 Bxa5 33. Kd3 Bb6 34. f3 f5 35. Kc4 Bg1 36. h3 Bf2 37. g4 f4 38. a4 Kf7 39. a5 Kf6 40. Kb5 Ke5 41. Kc6 g5 42. a6 Bc5 43. Kd7 Kxd5 44. Ke7 Ke5 45. Kf7 d5 46. Kg7 d4 47. Kxh7 Kf6 48. Kh6 d3 49. Kh5 d2 50. h4 gxh4 51. g5+ Kf5 52. a7 Bxa7 53. Kh6 d1Q 54. g6 Bd4 55. Kh7 Qg1 56. g7 0-1

[Event "Hull CC-ch C"]
[Site "Gatineau"]
[Date "2007.04.10"]
[Round "5"]
[White "Blouin, Francois"]
[Black "Pilon, Robert"]
[Result "1/2-1/2"]
[WhiteElo "1516"]
[BlackElo "1546"]
[PlyCount "64"]
[EventDate "2007.03.13"]
[EventType "swiss"]
[EventRounds "5"]
[EventCountry "CAN"]
[SourceTitle "EXT 2022"]
[Source "ChessBase"]
[SourceDate "2021.10.06"]
[SourceVersion "1"]
[SourceVersionDate "2021.10.06"]
[SourceQuality "1"]

1. e4 e6 2. d4 d5 3. e5 c5 4. c3 Nc6 5. Nf3 Qb6 6. a3 Bd7 7. b4 cxd4 8. cxd4 Nge7 9. Nc3 Nf5 10. Na4 Qc7 11. Nc5 b6 12. Nxd7 Qxd7 13. Bb2 a6 14. Bd3 Be7 15. Bxf5 exf5 16. 0-0 0-0 17. Rc1 Rfc8 18. Rc3 Nd8 19. Qd3 Rxc3 20. Bxc3 Rc8 21. h3 b5 22. Rc1 f4 23. Bd2 Ne6 24. Qf5 g6 25. Qd3 Rc6 26. Kf1 Qc7 27. Rxc6 Qxc6 28. Qc3 Qb7 29. Qc1 g5 30. Ke2 h6 31. Kd3 Qc7 32. Qxc7 Nxc7 1/2-1/2

[Event "Gatineau Nez rouge B"]
[Site "Gatineau"]
[Date "2006.12.19"]
[Round "5"]
[White "Blouin, Francois"]
[Black "Levesque, Andre"]
[Result "1-0"]
[WhiteElo "1531"]
[BlackElo "1498"]
[PlyCount "87"]
[EventDate "2006.11.21"]
[EventType "swiss"]
[EventRounds "5"]
[EventCountry "CAN"]
[SourceTitle "EXT 2022"]
[Source "ChessBase"]
[SourceDate "2021.10.06"]
[SourceVersion "1"]
[SourceVersionDate "2021.10.06"]
[SourceQuality "1"]

1. e4 c5 2. Nc3 Nc6 3. d3 g6 4. Be3 Bg7 5. Qd2 d6 6. g3 e6 7. Bg2 a6 8. a3 Bd7 9. Nge2 Nd4 10. Rb1 Rb8 11. 0-0 Ne7 12. Nd1 0-0 13. c3 Nxe2+ 14. Qxe2 Nc6 15. Qd2 e5 16. Bh6 Qc7 17. Bxg7 Kxg7 18. Ne3 Ne7 19. f4 f5 20. Rf2 Rbd8 21. Rbf1 fxe4 22. Bxe4 Bc6 23. f5 gxf5 24. Nxf5+ Nxf5 25. Qg5+ Kh8 26. Bxf5 Qg7 27. Qh4 d5 28. Bxh7 Rxf2 29. Qxd8+ Kxh7 30. Rxf2 e4 31. Qf6 e3 32. Qxg7+ Kxg7 33. Rf4 d4 34. cxd4 Bb5 35. Re4 cxd4 36. Rxd4 Kf6 37. Re4 e2 38. Rxe2 Bxd3 39. Re3 Bb5 40. Kf2 Kf5 41. Rc3 Bc6 42. h4 Kg4 43. Rxc6 bxc6 44. Ke3 1-0

[Event "Gatineau Nez rouge B"]
[Site "Gatineau"]
[Date "2006.12.05"]
[Round "3"]
[White "Lacourse, Guy"]
[Black "Blouin, Francois"]
[Result "1/2-1/2"]
[WhiteElo "1652"]
[BlackElo "1531"]
[PlyCount "81"]
[EventDate "2006.11.21"]
[EventType "swiss"]
[EventRounds "5"]
[EventCountry "CAN"]
[SourceTitle "EXT 2022"]
[Source "ChessBase"]
[SourceDate "2021.10.06"]
[SourceVersion "1"]
[SourceVersionDate "2021.10.06"]
[SourceQuality "1"]

1. Nf3 Nf6 2. c4 e6 3. d4 b6 4. g3 Bb7 5. Bg2 Ne4 6. 0-0 f5 7. Nc3 Nxc3 8. bxc3 Be7 9. Ne5 Bxg2 10. Kxg2 0-0 11. d5 Bf6 12. dxe6 dxe6 13. Nd3 Bxc3 14. Rb1 c5 15. Qc2 Bf6 16. Nf4 Qc7 17. f3 Re8 18. e3 Nc6 19. a3 Rad8 20. Bb2 Bxb2 21. Rxb2 g5 22. Nd3 Ne5 23. Rd1 Nxd3 24. Rxd3 Rxd3 25. Qxd3 Rd8 26. Qe2 Qd7 27. Kf2 Qd3 28. Ra2 Qxe2+ 29. Kxe2 Kf7 30. Rc2 e5 31. a4 Ke7 32. h3 Kd7 33. a5 Kc6 34. axb6 Kxb6 35. Rb2+ Kc6 36. Ra2 Rd7 37. Ra6+ Kb7 38. Ra5 Kb6 39. Rb5+ Kc6 40. Ra5 Kb6 41. Rb5+ 1/2-1/2

[Event "Gatineau Hull CC 27 Ann-B"]
[Site "Gatineau"]
[Date "2006.10.03"]
[Round "4"]
[White "Jani, Louis"]
[Black "Blouin, Francois"]
[Result "0-1"]
[WhiteElo "1427"]
[BlackElo "1561"]
[PlyCount "100"]
[EventDate "2006.09.12"]
[EventType "swiss"]
[EventRounds "5"]
[EventCountry "CAN"]
[SourceTitle "EXT 2022"]
[Source "ChessBase"]
[SourceDate "2021.10.06"]
[SourceVersion "1"]
[SourceVersionDate "2021.10.06"]
[SourceQuality "1"]

1. f4 e6 2. Nf3 g6 3. e3 Bg7 4. Be2 Nc6 5. 0-0 Nge7 6. d4 d5 7. c3 0-0 8. Qe1 b6 9. Nbd2 a5 10. a3 Ba6 11. Bxa6 Rxa6 12. c4 Re8 13. Qe2 Ra8 14. Nb3 Nf5 15. Bd2 Qc8 16. c5 a4 17. Nc1 Qa6 18. Qxa6 Rxa6 19. b4 b5 20. Kh1 Kf8 21. Nd3 Ke7 22. Rf2 Kd7 23. Raf1 h5 24. Nde5+ Bxe5 25. fxe5 Raa8 26. g3 Rh8 27. Ng5 Raf8 28. Rf3 Nd8 29. Bc3 c6 30. e4 Nh6 31. exd5 cxd5 32. Kg2 Nf5 33. Kf2 Nc6 34. Rd1 Ke7 35. Ke2 f6 36. exf6+ Rxf6 37. Rf4 Ng7 38. Rxf6 Kxf6 39. h4 Nf5 40. Rf1 Ke7 41. Kd3 Nd8 42. Rf3 Nf7 43. c6 Nxg5 44. hxg5 Kd6 45. Bd2 Kxc6 46. Bf4 Kd7 47. Be5 Rh7 48. Bf6 h4 49. gxh4 Rxh4 50. Ke2 Rh2+ 0-1

[Event "Hull CC-chC"]
[Site "Gatineau"]
[Date "2006.03.07"]
[Round "3"]
[White "Blouin, Francois"]
[Black "Coulombe, Simon"]
[Result "1-0"]
[WhiteElo "1542"]
[BlackElo "1258"]
[PlyCount "44"]
[EventDate "2006.02.08"]
[EventType "swiss"]
[EventRounds "5"]
[EventCountry "CAN"]
[SourceTitle "EXT 2007"]
[Source "ChessBase"]
[SourceDate "2006.11.23"]
[SourceVersion "1"]
[SourceVersionDate "2006.11.23"]
[SourceQuality "1"]

1. e4 e6 2. d4 d5 3. e5 c5 4. c3 Nc6 5. Nf3 Qb6 6. a3 Nge7 7. b4 cxd4 8. cxd4 Nf5 9. Bb2 Be7 10. Bd3 Ncxd4 11. Nxd4 Nxd4 12. Bxd4 Qxd4 13. Bb5+ Bd7 14. Bxd7+ Kxd7 15. Qxd4 Rac8 16. 0-0 a6 17. Nc3 Bg5 18. f4 Bh6 19. Rac1 g5 20. Nxd5 exd5 21. Qxd5+ Ke7 22. Qd6+ Ke8 1-0

[Event "Gatineau Monarque Noir op"]
[Site "Gatineau"]
[Date "2006.01.31"]
[Round "5"]
[White "Blouin, Francois"]
[Black "Libersan, Mattieu"]
[Result "0-1"]
[WhiteElo "1563"]
[BlackElo "1810"]
[PlyCount "52"]
[EventDate "2006.01.03"]
[EventType "swiss"]
[EventRounds "7"]
[EventCountry "CAN"]
[SourceTitle "EXT 2007"]
[Source "ChessBase"]
[SourceDate "2006.11.23"]
[SourceVersion "1"]
[SourceVersionDate "2006.11.23"]
[SourceQuality "1"]

1. e4 e5 2. Nf3 f5 3. d3 Nc6 4. Nc3 Nf6 5. g3 Bb4 6. exf5 d5 7. Bd2 Bxf5 8. Bg2 Qd7 9. a3 Bc5 10. b4 Bd4 11. Nxd4 Nxd4 12. Ne2 Bg4 13. f3 Nxf3+ 14. Bxf3 Bxf3 15. 0-0 e4 16. Qe1 0-0 17. Nd4 Qg4 18. Bf4 Rae8 19. Qf2 Nh5 20. Nxf3 Rxf4 21. Rae1 Rxf3 22. Qd4 Nf6 23. Kg2 h5 24. Rf2 h4 25. Re3 hxg3 26. Rfxf3 exf3+ 0-1

[Event "Gatineau Monarque Noir op"]
[Site "Gatineau"]
[Date "2006.01.24"]
[Round "4"]
[White "Blouin, Francois"]
[Black "Levesque, Andre"]
[Result "1-0"]
[WhiteElo "1563"]
[BlackElo "1543"]
[PlyCount "143"]
[EventDate "2006.01.03"]
[EventType "swiss"]
[EventRounds "7"]
[EventCountry "CAN"]
[SourceTitle "EXT 2007"]
[Source "ChessBase"]
[SourceDate "2006.11.23"]
[SourceVersion "1"]
[SourceVersionDate "2006.11.23"]
[SourceQuality "1"]

1. e4 c5 2. Nc3 Nc6 3. g3 g6 4. Bg2 Nf6 5. d3 Bg7 6. Be3 d6 7. Qd2 0-0 8. Bh6 Qc7 9. Nf3 Be6 10. 0-0 Rad8 11. Bxg7 Kxg7 12. Ng5 Bc8 13. f4 h6 14. Nf3 e6 15. Nd1 Qb6 16. c4 e5 17. Nf2 a6 18. Bh3 Qc7 19. f5 Qe7 20. Nh4 Nd4 21. Ng4 g5 22. Nf3 Nxf3+ 23. Rxf3 Nh5 24. Raf1 f6 25. Ne3 Kh7 26. R3f2 Rg8 27. Nd5 Qf7 28. Kh1 Bd7 29. Qe2 Be8 30. Bg4 Ng7 31. Qd2 h5 32. Bd1 Bc6 33. Ne3 b5 34. Qa5 Ra8 35. Bb3 b4 36. Ba4 Bxa4 37. Qxa4 Ne8 38. Rb1 Qb7 39. Nd5 Kg7 40. b3 Rf8 41. Rfb2 a5 42. Ra1 Rf7 43. a3 Nc7 44. Nxc7 Rxc7 45. axb4 cxb4 46. Qa2 Qb6 47. Qb1 Qc6 48. Rba2 Qb6 49. Qg1 Qxg1+ 50. Kxg1 Rc5 51. Kf2 Kh6 52. Ra4 g4 53. Rxb4 Rcc8 54. Rb6 Rcb8 55. Rb5 Rxb5 56. cxb5 Kg5 57. Ke2 h4 58. Kd2 h3 59. Ra4 Kh6 60. Rc4 Rb8 61. Rc6 Rxb5 62. Kc3 Rc5+ 63. Rxc5 dxc5 64. Kc4 Kg7 65. Kxc5 Kf7 66. Kb5 Ke7 67. Kxa5 Kd6 68. Kb6 Kd7 69. Kc5 Kc7 70. b4 Kb7 71. Kd6 Kb6 72. Ke6 1-0